Statistiken für Spitznamen von den Staaten der Usa

Klicken Sie hier um das Quiz zu spielen!

Allgemein

  • Dieses Quiz wurde 67 mal gespielt
  • Das Durchschnittsergebnis liegt bei 3 aus 5

Antwortstatistiken

SpitznameAntwort% Korrekt
Hurricane State (Hurrikan-Staat)Florida
83%
Cotton State
(Baumwoll Staat)
Alabama
61%
Last Frontier
(Letzte Grenze; gemeint das Ende
der besiedelten Welt)
Alaska
59%
Land of Milk and Honey
(Land von Milch und Honig)
Kalifornien
54%
A Capital City (Eine Hauptstadt)Colombia / DC
13%

Verteilung der Resultate

Perzentil nach korrekt beantworteten Fragen

Anzahl Personen mit jedem Resultat

Ihre Resultats-Entwicklung

Sie haben dieses Quiz noch nicht gespielt